000 00473nam a2200181Ia 4500
005 20250326123640.0
008 250326s9999 xx 000 0 und d
037 _aTextbook
040 _aFMSL
_beng
_cFMSL
041 _aeng
_2eng
084 _aDB8(B)ogZI L8
_qFMSL
100 _aTapper C
_9698968
245 0 _aComputer law
_cTapper C
260 _aNY
_bNY, Longman
_c1978
300 _a190p
942 _cTB
_hDB8(B)ogZI L8
999 _c1270319
_d1270319